| 000 | 00853nam a22002413a 4500 | ||
|---|---|---|---|
| 005 | 20241003063706.0 | ||
| 008 | 010921s1997 es r 000 0 spa d | ||
| 020 | _a8425412056 | ||
| 035 | _aUPN01000111840 | ||
| 049 | _aCG | ||
| 050 | 4 |
_aBF637 C4.5 _bW3.48 1997 |
|
| 100 | 1 |
_aWatzlawick, Paul, _d1921-2007 _929498 |
|
| 245 | 1 | 0 |
_aTeoría de la comunicación humana : _binteracciones, patologías y paradojas / _cPaul Watzlawick, Janet Beavin Bavelas y Don D. Jackson. |
| 250 | _a11a ed. | ||
| 260 |
_aBarcelona, Esp. _bHerder : _c1997. |
||
| 300 | _a262 p. | ||
| 440 | 0 |
_aBiblioteca de psicología. _pTextos universitarios |
|
| 650 | 4 |
_aComunicación interpersonal _96549 |
|
| 650 | 4 |
_aComunicación _99285 |
|
| 700 | 1 |
_aBavelas, Janet Beavin, _d1940- _ecoaut. _937954 |
|
| 700 | 1 |
_aJackson, Don de Avila, _d1920-1968 _ecoaut. _937955 |
|
| 905 | _aLibro | ||
| 999 |
_c85748 _d85748 |
||